[Event "Oberliga Bayern 1314"]
[Site "Bayern"]
[Date "2014.02.23"]
[Round "7.2"]
[White "Schelle, Artur"]
[Black "Nuber, Blasius"]
[Result "0-1"]
[WhiteElo "2201"]
[BlackElo "2349"]
[PlyCount "128"]
[EventDate "2013.10.13"]
[EventType "team-tourn"]
[EventRounds "9"]
[EventCountry "GER"]
[SourceTitle "EXT 2015"]
[Source "ChessBase"]
[SourceDate "2014.11.20"]
[SourceVersion "1"]
[SourceVersionDate "2014.11.20"]
[SourceQuality "1"]
[WhiteTeam "Muenchen Tarrasch"]
[BlackTeam "Dillingen"]
[WhiteTeamCountry "GER"]
[BlackTeamCountry "GER"]

1. e4 e5 2. Nf3 Nc6 3. d4 exd4 4. Nxd4 Qf6 5. Nxc6 Bc5 6. Qf3 Qxf3 7. gxf3 bxc6 8. Be3 Bb6 9. Rg1 g6 10. Nc3 d6 11. Bc4 Be6 12. Bb3 Ne7 13. 0-0-0 0-0-0 14. Bg5 Rde8 15. Rd2 Ng8 16. Na4 f6 17. Nxb6+ axb6 18. Be3 Bxb3 19. axb3 Re5 20. c4 Rh5 21. b4 Ne7 22. f4 c5 23. bxc5 bxc5 24. b4 cxb4 25. c5 dxc5 26. Rc2 Nc6 27. Bxc5 Re8 28. Be3 Nb8 29. Rc4 Na6 30. Kb2 Re6 31. Kb3 Rxh2 32. Ra1 Rd6 33. e5 Re6 34. Ra5 Rh5 35. Bd4 Rh3+ 36. Kb2 fxe5 37. fxe5 Rf3 38. Rd5 h5 39. Be3 Rf5 40. f4 h4 41. Rc2 h3 42. Rh2 Rh5 43. Kb3 Rh4 44. Ka4 c6 45. Ra5 Nc7 46. Kb3 Nd5 47. Bc5 Rxf4 48. Rxh3 Rxe5 49. Ra7 Rh5 50. Rg3 Rh1 51. Be3 Re4 52. Bd2 Kb8 53. Rf7 Re6 54. Rg7 Rb1+ 55. Kc2 Ra1 56. Rh3 Re7 57. Rxg6 Ra2+ 58. Kc1 Rf7 59. Be1 Kb7 60. Rg1 Kb6 61. Kb1 Rfa7 62. Rb3 Ra1+ 63. Kc2 R7a2+ 64. Kd3 Rd1+ 0-1

[Event "Landesliga Sued 1112"]
[Site "Bayern"]
[Date "2012.02.26"]
[Round "7.1"]
[White "Nuber, Blasius"]
[Black "Vokac, Marek"]
[Result "0-1"]
[WhiteElo "2300"]
[BlackElo "2435"]
[PlyCount "88"]
[EventDate "2011.10.02"]
[EventType "team-tourn"]
[EventRounds "9"]
[EventCountry "GER"]
[SourceTitle "EXT 2015"]
[Source "ChessBase"]
[SourceDate "2014.11.20"]
[SourceVersion "1"]
[SourceVersionDate "2014.11.20"]
[SourceQuality "1"]
[WhiteTeam "Dillingen"]
[BlackTeam "Krumbach"]
[WhiteTeamCountry "GER"]
[BlackTeamCountry "GER"]

1. e4 e6 2. d4 d5 3. Nd2 Nf6 4. e5 Ng8 5. Bd3 b6 6. c3 Qd7 7. Qe2 a5 8. Ngf3 Ba6 9. 0-0 Ne7 10. Rd1 Bxd3 11. Qxd3 Na6 12. b3 Ng6 13. Nf1 Be7 14. c4 0-0 15. Bb2 f6 16. exf6 Bxf6 17. Rac1 Nb4 18. Qb1 Nf4 19. Rd2 Qf7 20. a3 Nbd3 21. Rcd1 Nxb2 22. Qxb2 c5 23. cxd5 exd5 24. Qb1 Rae8 25. dxc5 bxc5 26. Ng3 a4 27. bxa4 c4 28. Qf5 Bc3 29. Qxf7+ Rxf7 30. Rc2 Bf6 31. Kf1 Rb7 32. Ne2 Nd3 33. Ne1 Rb3 34. Rcd2 Nxe1 35. Rxe1 d4 36. Nxd4 Rxe1+ 37. Kxe1 Rb1+ 38. Rd1 Rxd1+ 39. Kxd1 Bxd4 40. Kc2 Kf7 41. a5 Ke6 42. f3 Kd5 43. h4 Kc6 44. g4 Kb5 0-1